| 000 | 00623nam a22002057a 4500 | ||
|---|---|---|---|
| 999 |
_c10104 _d10104 |
||
| 003 | AR-CdUCM | ||
| 008 | 190329b ||||| |||| 00| 0 spa d | ||
| 020 | _a978-612-316-363-1 | ||
| 040 |
_aMUNICIPALIDAD PROVINCIAL DEL CUSCO _cBIBLIOTECA MUNICIPAL DEL CUSCO |
||
| 041 | _hspa | ||
| 082 |
_aEP / 376.1 _bP33 |
||
| 100 |
_aHermanos Paz _926746 |
||
| 245 | _aChimoc y los servidores de la comunidad / | ||
| 260 |
_aLima : _bSM, _c2016. |
||
| 300 |
_a39 páginas ; _bIlustraciones _c22.5 cm. _e+ CD |
||
| 650 |
_aLiteratura infantil _9588 |
||
| 650 |
_aSiglo XXI _92856 |
||
| 942 |
_2ddc _cLIBROS |
||
| 945 |
_apjha _d2019-05-14 |
||